Formel 1 Fahrer mit den meisten Rennstarts - Statistiken

Allgemein
  • Dieses Quiz wurde 9.821 mal gespielt
    4.449 seit der letzten Aktualisierung
  • Das Durchschnittsergebnis liegt bei 29 aus 81
Antwortstatistiken
# Rennen Aktiv Land Fahrer % Korrekt
356 2007– Vereinigtes Königreich Lewis Hamilton
97%
306 1991–2012 Deutschland Michael Schumacher
96%
180 1997–2007 Deutschland Ralf Schumacher
95%
401 2001– Spanien Fernando Alonso
93%
299 2007–2022 Deutschland Sebastian Vettel
91%
209 2015– Niederlande Max Verstappen
85%
106 1994–2003 Niederlande Jos Verstappen
83%
161 1984–1994 Brasilien Ayrton Senna
82%
349 2001–2021 Finnland Kimi Räikkönen
82%
114 1978–1986 Finnland Keke Rosberg
73%
206 2006–2016 Deutschland Nico Rosberg
73%
171 1971–1985 Österreich Niki Lauda
73%
227 2010– Deutschland Nico Hülkenberg
72%
281 2011–2024 Mexiko Sergio Pérez
70%
147 2018– Monaco Charles Leclerc
67%
306 2000–2017 Vereinigtes Königreich Jenson Button
65%
246 2013–2024 Finnland Valtteri Bottas
64%
206 2015– Spanien Carlos Sainz
60%
128 2019– Vereinigtes Königreich Lando Norris
60%
199 1980–1993 Frankreich Alain Prost
57%
161 1991–2001 Finnland Mika Häkkinen
57%
257 2011–2024 Australien Daniel Ricciardo
56%
105 1973–1982 Deutschland Jochen Mass
56%
153 2017– Frankreich Pierre Gasly
54%
128 2019– Vereinigtes Königreich George Russell
53%
156 2016– Frankreich Esteban Ocon
52%
166 2017– Kanada Lance Stroll
52%
104 2019– Thailand Alexander Albon
51%
269 2002–2017 Brasilien Felipe Massa
49%
185 2014–2024 Dänemark Kevin Magnussen
49%
215 2002–2013 Australien Mark Webber
44%
322 1993–2011 Brasilien Rubens Barrichello
43%
163 1996–2006 Kanada Jacques Villeneuve
41%
115 1992–1999 Vereinigtes Königreich Damon Hill
40%
176 1958–1975 Vereinigtes Königreich Graham Hill
40%
204 1978–1991 Brasilien Nelson Piquet
39%
187 1980–1995 Vereinigtes Königreich Nigel Mansell
33%
246 1994–2008 Vereinigtes Königreich David Coulthard
30%
144 1970–1980 Brasilien Emerson Fittipaldi
30%
156 1994–2003 Deutschland Heinz-Harald Frentzen
29%
179 2009–2020 Frankreich Romain Grosjean
28%
210 1984–1997 Österreich Gerhard Berger
27%
183 2000–2011 Deutschland Nick Heidfeld
25%
229 1996–2009 Italien Giancarlo Fisichella
22%
128 2007–2014 Deutschland Adrian Sutil
20%
110 2014–2020 Russland Daniil Kvyat
20%
126 1955–1970 Australien Jack Brabham
20%
252 1997–2011 Italien Jarno Trulli
20%
112 1972–1980 Südafrika Jody Scheckter
20%
128 1968–1982 Vereinigte Staaten Mario Andretti
18%
111 2007–2013 Finnland Heikki Kovalainen
17%
201 1989–2001 Frankreich Jean Alesi
16%
114 1967–1979 Belgien Jacky Ickx
15%
116 1975–1986 Australien Alan Jones
13%
100 1958–1970 Neuseeland Bruce McLaren
12%
112 1965–1974 Neuseeland Denny Hulme
12%
145 1993–2002 Vereinigtes Königreich Eddie Irvine
11%
111 1960–1972 Vereinigtes Königreich John Surtees
10%
157 1994–2004 Frankreich Olivier Panis
10%
256 1977–1993 Italien Riccardo Patrese
10%
132 1970–1980 Schweiz Clay Regazzoni
9%
146 1972–1982 Argentinien Carlos Reutemann
8%
105 1999–2012 Spanien Pedro de la Rosa
8%
123 1970–1978 Schweden Ronnie Peterson
8%
109 1994–2002 Finnland Mika Salo
7%
208 1980–1994 Italien Andrea de Cesaris
6%
160 1989–2000 Vereinigtes Königreich Johnny Herbert
6%
158 1984–1996 Vereinigtes Königreich Martin Brundle
6%
194 1981–1994 Italien Michele Alboreto
6%
149 1978–1989 Frankreich René Arnoux
6%
176 1974–1986 Frankreich Jacques Laffite
5%
163 1983–1993 Belgien Thierry Boutsen
5%
108 1979–1986 Italien Elio de Angelis
4%
152 1973–1985 Vereinigtes Königreich John Watson
4%
132 1978–1989 Vereinigte Staaten Eddie Cheever
3%
104 1956–1971 Schweden Jo Bonnier
3%
114 1977–1986 Frankreich Patrick Tambay
3%
147 1981–1993 Vereinigtes Königreich Derek Warwick
2%
135 1971–1983 Frankreich Jean-Pierre Jarier
2%
109 1984–1994 Frankreich Philippe Alliot
2%
118 1984–1995 Italien Pierluigi Martini
2%
Keine übereinstimmenden Quizze gefunden
Verteilung der Resultate
Anzahl Personen mit jedem Resultat
Perzentil nach korrekt beantworteten Fragen
Ihre Resultats-Entwicklung
Sie haben dieses Quiz seit der letzten Aktualisierung nicht gespielt